MARC

Tag First Indicator Second Indicator Subfields
LEADER 00000cam a2200000 i 4500
001 in00004013476
005 20190307104331.0
006 m o d f
007 cr bn|||||||||
008 180416s2018 dcu ob f000 0 eng c
035 |a (OCoLC)on1031374754 
042 |a pcc 
043 |a n-us--- 
040 |a ZCY  |b eng  |e rda  |e pn  |c ZCY  |d OCLCF  |d GPO  |d MvI 
049 |a WWW 
074 |a 0718-C-01 (online) 
086 0 |a J 37.2:EL 2/2 
110 1 |a United States.  |b Department of Justice.  |b Oversight and Review Division,  |e author. 
245 1 2 |a A report of investigation of certain allegations relating to former FBI Deputy Director Andrew McCabe /  |c Office of the Inspector General, U.S. Department of Justice. 
264 1 |a Washington, DC :  |b U.S. Department of Justice, Office of the Inspector General, Oversight & Review Division,  |c 2018. 
300 |a 1 online resource (ii, 35 pages) 
336 |a text  |b txt  |2 rdacontent 
337 |a computer  |b c  |2 rdamedia 
338 |a online resource  |b cr  |2 rdacarrier 
500 |a "REDACTED." 
500 |a "Redactions have been made based on privacy interests of individuals." 
500 |a "February 2018." 
504 |a Includes bibliographical references. 
588 |a Description based on online resource, PDF version; title from cover (viewed April 16, 2018). 
600 1 0 |a McCabe, Andrew  |q (Andrew George),  |d 1968- 
600 1 0 |a Comey, James B.,  |c Jr.,  |d 1960- 
600 1 0 |a Clinton, Hillary Rodham. 
610 1 0 |a United States.  |b Federal Bureau of Investigation. 
600 1 7 |a Clinton, Hillary Rodham.  |2 fast  |0 (OCoLC)fst00316468 
600 1 7 |a Comey, James B.,  |c Jr.,  |d 1960-  |2 fast  |0 (OCoLC)fst01593806 
610 1 7 |a United States.  |b Federal Bureau of Investigation.  |2 fast  |0 (OCoLC)fst00528882 
650 0 |a Misconduct in office  |z United States. 
650 0 |a Leaks (Disclosure of information)  |z United States. 
650 0 |a Governmental investigations  |z United States. 
650 7 |a Governmental investigations.  |2 fast  |0 (OCoLC)fst00945690 
650 7 |a Leaks (Disclosure of information)  |2 fast  |0 (OCoLC)fst00994785 
650 7 |a Misconduct in office.  |2 fast  |0 (OCoLC)fst01023635 
651 7 |a United States.  |2 fast  |0 (OCoLC)fst01204155 
648 7 |a 2000-2099  |2 fast 
856 4 0 |u https://purl.fdlp.gov/GPO/gpo109076  |t 0 
999 f f |s b30a20bf-d219-39c2-9b6d-ebe66dc3c40f  |i 73eb7226-7ac3-31f9-b97a-33ea1a94086f  |t 0 
952 f f |a Texas A&M University  |b College Station  |c Electronic Resources  |d Available Online  |t 0  |e J 37.2:EL 2/2  |h Superintendent of Documents classification 
998 f f |a J 37.2:EL 2/2  |t 0  |l Available Online